|
|
|
|
| LEADER |
00000nam a2200000 a 4500 |
| 001 |
vtls008327933 |
| 003 |
SK-MaSNL |
| 005 |
20260301145015.0 |
| 008 |
181127s1959 xo 000 slo |
| 015 |
|
|
|a SKSNBA1959/05-00759
|
| 035 |
|
|
|a SK01SNK19590020150
|
| 035 |
|
|
|a SKM000022613
|
| 040 |
|
|
|a SNK
|b slo
|c SNK
|e AACR2
|
| 041 |
1 |
|
|a slo
|
| 044 |
|
|
|a xo
|c SK
|
| 080 |
|
|
|a 329.78(100)
|2 1981
|
| 080 |
|
|
|a 327.37
|2 1981
|
| 245 |
1 |
0 |
|a Za mier a priateľstvo
|b materiál na predfestivalové besedy
|
| 260 |
|
|
|a Bratislava
|b Smena
|c 1959
|e Trnava
|f Polygrafické závody
|
| 300 |
|
|
|a 49, [3] s.
|c 8°
|
| 490 |
1 |
|
|a Aktuality
|
| 563 |
|
|
|a 5200 výtl.
|
| 610 |
0 |
7 |
|a Svetová federácia demokratickej mládeže
|x festivaly
|x brožúry
|2 SNK
|9 504169
|
| 611 |
1 |
7 |
|a Svetová federácia demokratickej mládeže
|x festivaly
|x brožúry
|2 SNK
|9 504170
|
| 650 |
0 |
7 |
|a mier
|x boj za mier
|x brožúry
|2 SNK
|9 385776
|
| 655 |
|
7 |
|a príručky
|2 SNKPH
|9 74364
|
| 830 |
|
0 |
|a Aktuality
|9 275567
|
| 852 |
|
|
|a Slovenská národná knižnica v Martine
|b 10000
|h SD 17312
|
| 852 |
|
|
|a Slovenská národná knižnica v Martine
|b 10000
|h SD 17312 D1
|
| 958 |
|
|
|a OND
|
| 958 |
|
|
|a TL
|
| 958 |
|
|
|a RK
|
| 999 |
|
|
|c 778849
|d 780779
|
| 952 |
|
|
|a SNK
|b SNK
|y PREZ
|7 0
|p 17A0616794
|o snkSD 17312
|i snkKSP 2019/59
|0 0
|1 0
|4 0
|d 2009-05-11
|l 0
|r 2025-12-01 00:00:00
|w 2026-02-24
|